[Event "Medellin op"]
[Site "Medellin"]
[Date "2011.04.??"]
[Round "6"]
[White "Clavijo, Jorge Mario"]
[Black "Rios Parra, Mauricio Flores"]
[Result "1-0"]
[WhiteElo "2325"]
[BlackElo "2300"]
[PlyCount "71"]
[EventDate "2011.04.??"]
[EventType "swiss"]
[EventRounds "9"]
[EventCountry "COL"]
[SourceTitle "CBM 142 Extra"]
[Source "ChessBase"]
[SourceDate "2011.06.27"]
[SourceVersion "1"]
[SourceVersionDate "2011.06.27"]
[SourceQuality "1"]

1. d4 Nf6 2. c4 g6 3. Nc3 Bg7 4. e4 d6 5. Nf3 0-0 6. Be2 c5 7. d5 e6 8. Nd2 Na6 9. 0-0 Nc7 10. a4 e5 11. Ndb1 Qe7 12. Be3 Nfe8 13. Nd2 h5 14. Ra3 Kh7 15. Nf3 Bh6 16. Qd2 Bxe3 17. Qxe3 f6 18. Ne1 Ng7 19. f4 exf4 20. Qxf4 g5 21. Qd2 Bd7 22. Qd1 Be8 23. Nc2 Bg6 24. Rf3 Kg8 25. Bd3 Bh7 26. Ne3 Na6 27. Nf1 Nb8 28. e5 dxe5 29. d6 Qd8 30. Bxh7+ Kxh7 31. Qd5 Nc6 32. Qxc5 Nd4 33. Rf2 Rc8 34. Qd5 b6 35. Nb5 Nc6 36. d7 1-0

[Event "Dos Hermanas Internet qual-E 10th"]
[Site "ICC INT"]
[Date "2009.03.15"]
[Round "4"]
[White "Czarnota, Pawel"]
[Black "Rios Parra, Mauricio Flores"]
[Result "1-0"]
[WhiteElo "2531"]
[BlackElo "2306"]
[PlyCount "97"]
[EventDate "2009.03.15"]
[EventType "swiss (blitz)"]
[EventRounds "12"]
[EventCountry "ESP"]
[SourceTitle "CBM 129 Extra"]
[Source "ChessBase"]
[SourceDate "2009.05.05"]
[SourceVersion "2"]
[SourceVersionDate "2009.05.20"]
[SourceQuality "1"]

1. e4 c5 2. Nf3 d6 3. d4 cxd4 4. Nxd4 Nf6 5. Nc3 a6 6. Be3 e5 7. Nb3 Be7 8. Qd2 Be6 9. f4 exf4 10. Bxf4 d5 11. exd5 Nxd5 12. Nxd5 Qxd5 13. Qxd5 Bxd5 14. 0-0-0 Be6 15. Na5 0-0 16. Nxb7 Nc6 17. a3 Ra7 18. Nd6 Rd8 19. Ne4 Rxd1+ 20. Kxd1 f5 21. Nd2 g5 22. Be3 Rb7 23. b4 a5 24. c3 axb4 25. axb4 f4 26. Bf2 Bf6 27. Kc2 Bf5+ 28. Kb3 Be6+ 29. Kc2 Bf5+ 30. Bd3 Nxb4+ 31. cxb4 Bxd3+ 32. Kxd3 Rxb4 33. Rb1 Rxb1 34. Nxb1 Kg7 35. Nd2 Kg6 36. Bd4 Be7 37. Ke4 Bb4 38. Nc4 h5 39. Ne5+ Kh6 40. Kf5 Be7 41. Nf7+ Kh7 42. Nxg5+ Kh6 43. Nf7+ Kh7 44. Kxf4 Kg6 45. Ne5+ Kh6 46. Nf3 h4 47. Kg4 h3 48. Kxh3 Kg6 49. Kg4 1-0

[Event "Dos Hermanas Internet qual-E 10th"]
[Site "ICC INT"]
[Date "2009.03.15"]
[Round "9"]
[White "Falcon Perez, Gustavo"]
[Black "Rios Parra, Mauricio Flores"]
[Result "1-0"]
[WhiteElo "2168"]
[BlackElo "2306"]
[PlyCount "83"]
[EventDate "2009.03.15"]
[EventType "swiss (blitz)"]
[EventRounds "12"]
[EventCountry "ESP"]
[SourceTitle "CBM 129 Extra"]
[Source "ChessBase"]
[SourceDate "2009.05.05"]
[SourceVersion "2"]
[SourceVersionDate "2009.05.20"]
[SourceQuality "1"]

1. b3 d6 2. Bb2 Nd7 3. f4 e5 4. e3 exf4 5. exf4 Ngf6 6. Nf3 Be7 7. Be2 0-0 8. 0-0 c6 9. h3 Re8 10. Nh2 a5 11. a4 Ne4 12. Bf3 Qb6+ 13. d4 Ndf6 14. Nd2 d5 15. Re1 Bb4 16. Nxe4 dxe4 17. c3 exf3 18. Rxe8+ Nxe8 19. cxb4 fxg2 20. bxa5 Rxa5 21. Kxg2 Nf6 22. Qd3 Bf5 23. Qe3 Be4+ 24. Kg1 Rd5 25. Re1 h5 26. Nf3 Bxf3 27. Qxf3 Qb4 28. Kg2 Rd8 29. Re5 Nd5 30. f5 f6 31. Re2 Qd6 32. Bc1 h4 33. Re6 Qb4 34. Qe4 Kf8 35. Qxh4 Qc3 36. Qh8+ Kf7 37. Qh5+ Kg8 38. Bh6 Qc2+ 39. Re2 Qd3 40. Qg4 Rd7 41. Re8+ Kf7 42. Qg6# 1-0

[Event "Dos Hermanas Internet qual-E 10th"]
[Site "ICC INT"]
[Date "2009.03.15"]
[Round "2"]
[White "Rios Parra, Mauricio Flores"]
[Black "Pellows, Bennet"]
[Result "1-0"]
[WhiteElo "2306"]
[BlackElo "2084"]
[PlyCount "101"]
[EventDate "2009.03.15"]
[EventType "swiss (blitz)"]
[EventRounds "12"]
[EventCountry "ESP"]
[SourceTitle "CBM 129 Extra"]
[Source "ChessBase"]
[SourceDate "2009.05.05"]
[SourceVersion "2"]
[SourceVersionDate "2009.05.20"]
[SourceQuality "1"]

1. e4 e6 2. d4 d5 3. Nd2 dxe4 4. Nxe4 Nf6 5. Nxf6+ gxf6 6. Nf3 Be7 7. g3 c5 8. Bg2 Nc6 9. Be3 cxd4 10. Nxd4 Bd7 11. Nxc6 Bxc6 12. Bxc6+ bxc6 13. 0-0 f5 14. Qxd8+ Bxd8 15. Rfd1 Bb6 16. Bf4 0-0 17. Rd6 Rfd8 18. Rxc6 Rd7 19. Kf1 Rad8 20. Ke2 e5 21. Bg5 Re8 22. Rd1 Rxd1 23. Kxd1 Bxf2 24. Ke2 Bb6 25. Be3 Bxe3 26. Kxe3 Re7 27. c4 Kg7 28. b4 f6 29. b5 Kg6 30. a4 Rd7 31. a5 e4 32. a6 Rd3+ 33. Ke2 Rc3 34. Rc7 Rc2+ 35. Kd1 Rxh2 36. Rxa7 f4 37. gxf4 Kf5 38. b6 Rb2 39. Rb7 h5 40. a7 Ra2 41. Rb8 Ra1+ 42. Kc2 e3 43. a8Q e2 44. Qxa1 Kxf4 45. Qe1 Kf3 46. Rf8 h4 47. Rxf6+ Kg4 48. Qg1+ Kh5 49. Rf5+ Kh6 50. Qg5+ Kh7 51. Rf7+ 1-0

[Event "Dos Hermanas Internet qual-E 10th"]
[Site "ICC INT"]
[Date "2009.03.15"]
[Round "12"]
[White "Rios Parra, Mauricio Flores"]
[Black "Urbina Perez, Juan Antonio"]
[Result "1-0"]
[WhiteElo "2306"]
[BlackElo "2215"]
[PlyCount "129"]
[EventDate "2009.03.15"]
[EventType "swiss (blitz)"]
[EventRounds "12"]
[EventCountry "ESP"]
[SourceTitle "CBM 129 Extra"]
[Source "ChessBase"]
[SourceDate "2009.05.05"]
[SourceVersion "2"]
[SourceVersionDate "2009.05.20"]
[SourceQuality "1"]

1. e4 e5 2. Nf3 Nc6 3. Bb5 a6 4. Bxc6 dxc6 5. Nc3 Bd6 6. d4 f6 7. dxe5 fxe5 8. Nxe5 Nf6 9. Nd3 0-0 10. e5 Re8 11. f4 Nd5 12. Nxd5 cxd5 13. 0-0 Bf8 14. Be3 c6 15. b4 a5 16. a3 axb4 17. axb4 Rxa1 18. Qxa1 Bf5 19. Bc5 Qh4 20. Qd4 Qg4 21. Qf2 Qg6 22. Bxf8 Rxf8 23. Ne1 Be4 24. Qd2 h5 25. Rf2 h4 26. Qe3 Qg4 27. h3 Qg3 28. Qxg3 hxg3 29. Rf1 Ra8 30. Nf3 Ra2 31. Ng5 Rxc2 32. Nxe4 dxe4 33. Re1 Rc4 34. Rb1 b5 35. Kf1 Kf7 36. Ke2 Ke6 37. Ke3 Kf5 38. Rb3 Rc2 39. e6 Kxe6 40. Kxe4 Rxg2 41. f5+ Kf6 42. Kf3 Rf2+ 43. Kxg3 Rxf5 44. Rc3 Rg5+ 45. Kh2 Rd5 46. Rxc6+ Ke5 47. Rb6 Kd4 48. Rb7 Kc4 49. Rxg7 Kxb4 50. h4 Kc3 51. Rg5 Rd4 52. Kg3 b4 53. Rb5 b3 54. h5 b2 55. h6 Rd7 56. Kg4 Kc2 57. Rc5+ Kb3 58. Rb5+ Kc3 59. Kg5 Rh7 60. Kg6 Rxh6+ 61. Kxh6 Kc2 62. Rc5+ Kd1 63. Rd5+ Kc2 64. Rc5+ Kd1 65. Rb5 1-0